| 000 | 00854cab a2200229 4500 | ||
|---|---|---|---|
| 001 | ABS44962 | ||
| 008 | 090401t1991 xxu||||| |||| 00| 0 eng d | ||
| 035 | _a(Sirsi) u50073 | ||
| 041 | _aeng | ||
| 100 | _aHutton, T.C | ||
| 245 | 4 | _aThe environmental control of timber decay | |
| 260 | _c1991 | ||
| 350 | _a0 | ||
| 490 |
_aStructural Survey _v10(1) Summer 1991, 5-20 (16) |
||
| 520 | _aDescribes the characteristics of dry rot, wet rot and wood boring insects and the specialist search techniques, such as rothounds or fibre optic investigations. Continues with examination of remedial work and monitoring the environment to guard against infestation. | ||
| 650 | _aDAMP | ||
| 650 | _aHISTORIC BUILDINGS | ||
| 650 | _aBUILT ENVIRONMENT-BUILDING MAINTENANCE AND REFURBISHMENT | ||
| 690 | _aCONSERVATION | ||
| 942 | _n0 | ||
| 948 | _c04/03/1997 | ||
| 999 |
_c31294 _d31294 |
||